000065977 001__ 65977
000065977 005__ 20230317221631.0
000065977 0247_ $$2doi$$a10.1016/S0375-9474(99)00257-2
000065977 0247_ $$2ISSN$$a1873-1554
000065977 0247_ $$2ISSN$$a0375-9474
000065977 0247_ $$2WOS$$aWOS:000082621700016
000065977 037__ $$aGSI-2014-00871
000065977 041__ $$aEnglish
000065977 082__ $$a530
000065977 1001_ $$0P:(DE-Ds200)OR0487$$aHofmann, Sigurd$$b0$$eCorresponding author$$ugsi
000065977 245__ $$aSuperheavy elements
000065977 260__ $$aAmsterdam$$bNorth-Holland Publ. Co.$$c1999
000065977 3367_ $$0PUB:(DE-HGF)16$$2PUB:(DE-HGF)$$aJournal Article$$bjournal$$mjournal$$s1403803895_9166
000065977 3367_ $$2DRIVER$$aarticle
000065977 3367_ $$2BibTeX$$aARTICLE
000065977 3367_ $$00$$2EndNote$$aJournal Article
000065977 536__ $$0G:(DE-HGF)POF2-899$$a899 - ohne Topic (POF2-899)$$cPOF2-899$$fPOF I$$x0
000065977 588__ $$aDataset connected to CrossRef, repository.gsi.de
000065977 773__ $$0PERI:(DE-600)1466542-6$$a10.1016/S0375-9474(99)00257-2$$gVol. 654, no. 1-2, p. C252 - C269$$n1-2$$pC252 - C269$$tNuclear physics <Amsterdam> / A$$v654$$x0375-9474$$y1999
000065977 909CO $$ooai:repository.gsi.de:65977$$pVDB
000065977 9101_ $$0I:(DE-Ds200)20121206GSI$$6P:(DE-Ds200)OR0487$$aGSI Helmholtzzentrum für Schwerionenforschung GmbH$$b0$$kGSI
000065977 9131_ $$0G:(DE-HGF)POF2-899$$1G:(DE-HGF)POF2-890$$2G:(DE-HGF)POF2-800$$3G:(DE-HGF)POF2$$4G:(DE-HGF)POF$$aDE-HGF$$bProgrammungebundene Forschung$$lohne Programm$$vohne Topic$$x0
000065977 915__ $$0StatID:(DE-HGF)0010$$2StatID$$aJCR/ISI refereed
000065977 915__ $$0StatID:(DE-HGF)0100$$2StatID$$aJCR
000065977 915__ $$0StatID:(DE-HGF)0110$$2StatID$$aWoS$$bScience Citation Index
000065977 915__ $$0StatID:(DE-HGF)0111$$2StatID$$aWoS$$bScience Citation Index Expanded
000065977 915__ $$0StatID:(DE-HGF)0150$$2StatID$$aDBCoverage$$bWeb of Science Core Collection
000065977 915__ $$0StatID:(DE-HGF)0199$$2StatID$$aDBCoverage$$bThomson Reuters Master Journal List
000065977 915__ $$0StatID:(DE-HGF)0200$$2StatID$$aDBCoverage$$bSCOPUS
000065977 915__ $$0StatID:(DE-HGF)0300$$2StatID$$aDBCoverage$$bMedline
000065977 915__ $$0StatID:(DE-HGF)0420$$2StatID$$aNationallizenz
000065977 915__ $$0StatID:(DE-HGF)1020$$2StatID$$aDBCoverage$$bCurrent Contents - Social and Behavioral Sciences
000065977 9201_ $$0I:(DE-Ds200)SHP-20080822OR107$$kSHP$$lSHE Physik$$x0
000065977 980__ $$ajournal
000065977 980__ $$aVDB
000065977 980__ $$aI:(DE-Ds200)20110830OR107
000065977 980__ $$aI:(DE-Ds200)SHP-20080822OR107
000065977 980__ $$aUNRESTRICTED